| 000 | 00368nam a2200121Ia 4500 | ||
|---|---|---|---|
| 008 | 220216s9999 xx 000 0 und d | ||
| 100 | _aEdwards Marlin | ||
| 245 | 0 | _aUse of molecular markers in the evaluation and introgression of genetic diversity for quantitative traits | |
| 260 |
_bField crops research _c1992 |
||
| 300 | _ap241-60 | ||
| 650 | _aRFLP | ||
| 942 | _cJS | ||
| 999 |
_c71861 _d71861 |
||